Numbers in Italian - Statistics

General Stats
  • This quiz has been taken 1,342 times
    1,330 since last reset
  • The average score is 32 of 59
Answer Stats
Hint Answer % Correct
1 uno
98%
3 tre
97%
2 due
93%
6 sei
91%
7 sette
91%
5 cinque
90%
8 otto
90%
9 nove
87%
4 quattro
87%
0 zero
85%
10 dieci
82%
13 tredici
73%
11 undici
72%
20 venti
72%
12 dodici
70%
22 ventidue
61%
15 quindici
60%
23 ventitre
60%
30 trenta
59%
21 ventuno
58%
14 quattordici
57%
25 venticinque
57%
26 ventisei
57%
24 ventiquattro
56%
27 ventisette
56%
16 sedici
55%
29 ventinove
55%
28 ventotto
54%
100 cento
52%
50 cinquanta
50%
1000 mille
49%
90 novanta
49%
80 ottanta
49%
40 quaranta
49%
18 diciotto
48%
200 duecento
48%
70 settanta
48%
300 trecento
48%
First primo
44%
400 quattrocento
44%
500 cinquecento
43%
600 seicento
43%
60 sessanta
43%
800 ottocento
42%
700 settecento
42%
900 novecento
41%
Second secondo
41%
19 diciannove
34%
17 diciassette
34%
2000 duemila
25%
Third terzo
25%
3000 tremila
25%
Fourth quarto
24%
Fifth quinto
22%
Sixth sesto
20%
Eighth ottavo
19%
Tenth decimo
18%
Ninth nono
18%
Seventh settimo
18%
No matching quizzes found
Score Distribution
Percent of People with Each Score
Percentile by Number Answered
Your Score History
You have not taken this quiz since the last reset